La aventura inca

Guardat en:
Dades bibliogràfiques
Autor principal: Flornoy, Bertrand (Autor)
Format: Llibre
Idioma:espanyol
Publicat: Santiago Zig-Zag 1957
Col·lecció:Colección Historia y Documentos
Matèries:
Etiquetes: Afegir etiqueta
Sense etiquetes, Sigues el primer a etiquetar aquest registre!

MARC

LEADER 00000nam a2200000 a 4500
001 UCO3226
003 CL-VaPUC
008 000714e19570000CL |||||||||||||||||spa|d
082 0 4 |a 985.019  |b FLO  |2 21 
100 0 |a Flornoy, Bertrand  |e author  |9 447212 
245 1 3 |a La aventura inca 
300 |a 234 p 
942 |c BK 
945 |d 20000714 00:00:00  |a rherrera 
260 |a Santiago  |b Zig-Zag  |c 1957 
600 0 7 |a PIZARRO, FRANCISCO DE  |2 CL-VaPUC  |9 268480 
650 7 |a HISTORIA DE PERU SIGLO 16  |2 CL-VaPUC  |9 344287 
650 7 |a INCAS  |2 CL-VaPUC  |9 256565 
650 0 |a Pueblos de América  |9 446252 
650 7 |a DESCUBRIMIENTO Y CONQUISTA DE PERU  |2 CL-VaPUC  |9 447213 
651 0 |a Perú  |9 256567 
583 |a last modification  |c 20160817 05:01:22  |k Rodrigo Vera 
490 0 |a Colección Historia y Documentos 
999 |c 289694  |d 289692 
952 |0 0  |1 0  |4 0  |6 985_019000000000000_FLO_1957  |7 0  |8 A  |9 338292  |a BIBHIS  |b BIBHIS  |d 2019-11-20  |i 1298771  |o 985.019 FLO 1957  |p 1298771  |r 2025-01-20  |w 2019-11-20  |y BK  |k HIS